000
00310nam a22001337a 4500
008
190205b xxu||||| |||| 00| 0 eng d
020
_a
9780471295426
041
_a
eng
080
_a
336
100
_a
56
101
_a
FIN
245
_a
Getting Started in Technical Analysis
_c
Schwager,J.D
942
_2
udc
_c
BK
999
_c
53957
_d
53957